[Event "Nottinghamshire Centenary"]
[Site "Nottingham"]
[Date "2023.10.30"]
[Round "1.1"]
[White "Willow, Jonah B"]
[Black "Kanyamarala, Tarun"]
[Result "1-0"]
[WhiteElo "2425"]
[BlackElo "2329"]
[PlyCount "73"]
[EventDate "2023.10.30"]
[EventType "tourn"]
[EventRounds "9"]
[EventCountry "ENG"]
[EventCategory "6"]
[SourceTitle "BritBase"]
[Source "John Saunders"]
[SourceDate "2023.11.11"]
[SourceVersion "1"]
[SourceVersionDate "2023.11.11"]
[SourceQuality "1"]

1. e4 c5 2. Nf3 d6 3. d4 cxd4 4. Nxd4 Nf6 5. Nc3 a6 6. Bd3 g6 7. f3 Qb6 8. a3
Nc6 9. Be3 e5 10. Nf5 Qd8 11. Ng3 Bg7 12. h4 d5 13. exd5 Nxd5 14. Nxd5 Qxd5 15.
Ne4 f5 16. Nc5 Nd4 17. b4 b6 18. Na4 Qe6 19. O-O e4 20. Bxe4 O-O 21. Bxd4 Rd8
22. Bxa8 Bxd4+ 23. Kh1 Qf6 24. Qe1 Bd7 25. c3 Re8 26. Qg3 Be3 27. Bd5+ Kg7 28.
f4 Bxa4 29. c4 Bd2 30. Ra2 Qd4 31. Qf2 Qxf2 32. Rxf2 Re1+ 33. Kh2 Be3 34. Rfe2
Bg1+ 35. Kh3 Rc1 36. Re7+ Kh6 37. Bg8 1-0

[Event "Nottinghamshire Centenary"]
[Site "Nottingham"]
[Date "2023.10.30"]
[Round "1.2"]
[White "Trost, Edvin"]
[Black "Wadsworth, Matthew J"]
[Result "1/2-1/2"]
[WhiteElo "2442"]
[BlackElo "2446"]
[PlyCount "66"]
[EventDate "2023.10.30"]
[EventType "tourn"]
[EventRounds "9"]
[EventCountry "ENG"]
[EventCategory "6"]
[SourceTitle "BritBase"]
[Source "John Saunders"]
[SourceDate "2023.11.11"]
[SourceVersion "1"]
[SourceVersionDate "2023.11.11"]
[SourceQuality "1"]

1. e4 e6 2. d4 d5 3. Nc3 Nf6 4. Bg5 dxe4 5. Nxe4 Be7 6. Bxf6 gxf6 7. Qd2 c5 8.
Nxc5 Bxc5 9. dxc5 Qxd2+ 10. Kxd2 Ke7 11. Re1 Nd7 12. c6 Ne5 13. Re3 Nxc6 14.
Nf3 b6 15. Bd3 Bb7 16. Be4 Rhd8+ 17. Kc1 Kf8 18. Rc3 Rac8 19. Rd1 Rxd1+ 20.
Kxd1 f5 21. Bxc6 Rxc6 22. Rxc6 Bxc6 23. Ke2 f4 24. g3 fxg3 25. hxg3 Ke7 26. Ke3
f6 27. Nd4 Bd7 28. Ke4 e5 29. Nf5+ Ke6 30. Ng7+ Kf7 31. Nf5 Ke6 32. Ng7+ Kf7
33. Nf5 Ke6 1/2-1/2

[Event "Nottinghamshire Centenary"]
[Site "Nottingham"]
[Date "2023.10.30"]
[Round "1.3"]
[White "Khandelwal, Ankush"]
[Black "Beerdsen, Thomas"]
[Result "1/2-1/2"]
[WhiteElo "2309"]
[BlackElo "2496"]
[PlyCount "119"]
[EventDate "2023.10.30"]
[EventType "tourn"]
[EventRounds "9"]
[EventCountry "ENG"]
[EventCategory "6"]
[SourceTitle "BritBase"]
[Source "John Saunders"]
[SourceDate "2023.11.11"]
[SourceVersion "1"]
[SourceVersionDate "2023.11.11"]
[SourceQuality "1"]

1. e4 c5 2. Nf3 e6 3. d4 cxd4 4. Nxd4 Nc6 5. Nc3 Qc7 6. Ncb5 Qb8 7. Bd3 Nf6 8.
O-O Be7 9. Qe2 O-O 10. c4 a6 11. Nxc6 dxc6 12. Nd4 e5 13. Nf5 Bxf5 14. exf5 e4
15. Bxe4 Re8 16. Qf3 Bd6 17. Bc2 Bxh2+ 18. Kh1 Be5 19. g4 h6 20. Rg1 Nh7 21. f6
Bxf6 22. Bxh6 g6 23. Rad1 Qc7 24. b3 Bg5 25. Bxg5 Nxg5 26. Qf6 Nh7 27. Qf3 Re6
28. Kg2 Ng5 29. Qg3 Qxg3+ 30. Kxg3 Re2 31. Bb1 Rae8 32. Rd7 Re1 33. Rxe1 Rxe1
34. Bc2 Re2 35. Bd3 Rxa2 36. Rxb7 Ne6 37. Be4 Nd4 38. Rd7 Nxb3 39. Bxc6 Nc5 40.
Ra7 Ne6 41. Bd5 Ra3+ 42. f3 g5 43. Bxe6 fxe6 44. c5 Rc3 45. Rxa6 Rxc5 46. Rxe6
Kf7 47. Ra6 Rc2 48. Ra1 Kf6 49. Rh1 Ra2 50. Rh6+ Kg7 51. Rh2 Ra1 52. Rd2 Kf6
53. Rd6+ Ke7 54. Rd5 Kf6 55. Kf2 Ra3 56. Ke2 Rb3 57. Rd3 Rb8 58. Rd6+ Kf7 59.
Ke3 Re8+ 60. Kf2 1/2-1/2

[Event "Nottinghamshire Centenary"]
[Site "Nottingham"]
[Date "2023.10.30"]
[Round "1.4"]
[White "Krzywda, Andrzej"]
[Black "Gasanov, Eldar"]
[Result "0-1"]
[WhiteElo "2210"]
[BlackElo "2478"]
[PlyCount "92"]
[EventDate "2023.10.30"]
[EventType "tourn"]
[EventRounds "9"]
[EventCountry "ENG"]
[EventCategory "6"]
[SourceTitle "BritBase"]
[Source "John Saunders"]
[SourceDate "2023.11.11"]
[SourceVersion "1"]
[SourceVersionDate "2023.11.11"]
[SourceQuality "1"]

1. e4 c5 2. Nf3 e6 3. d4 cxd4 4. Nxd4 Nc6 5. Bf4 Nf6 6. Nxc6 bxc6 7. Bd3 d5 8.
Nd2 g6 9. c3 Bg7 10. Qa4 Qb6 11. exd5 exd5 12. Bd6 Bf8 13. Be5 Be7 14. Bd4 Qc7
15. O-O O-O 16. Rfe1 Ng4 17. Nf3 c5 18. Be3 Nxe3 19. Rxe3 Rb8 20. Rae1 Bf6 21.
Ne5 Rxb2 22. h4 c4 23. Qa3 Qb6 24. Be2 Bxh4 25. Rf3 Kg7 26. g3 Bf6 27. Nxc4
dxc4 28. Rxf6 Rxe2 29. Rxb6 Rxe1+ 30. Kg2 axb6 31. Qa7 Rfe8 32. Qc7 Be6 33. Qd6
Rc8 34. g4 h6 35. f3 Rc5 36. Qd4+ Kh7 37. Kg3 h5 38. Qd8 hxg4 39. fxg4 Rg1+ 40.
Kf2 Rxg4 41. Qxb6 Rf5+ 42. Ke3 Bd5 43. Qd8 Rf3+ 44. Ke2 Rg2+ 45. Ke1 Rh3 46.
Qxd5 Rh1# 0-1

[Event "Nottinghamshire Centenary"]
[Site "Nottingham"]
[Date "2023.10.30"]
[Round "1.5"]
[White "Hebden, Mark L"]
[Black "Derakhshani, Borna"]
[Result "1/2-1/2"]
[WhiteElo "2443"]
[BlackElo "2358"]
[PlyCount "104"]
[EventDate "2023.10.30"]
[EventType "tourn"]
[EventRounds "9"]
[EventCountry "ENG"]
[EventCategory "6"]
[SourceTitle "BritBase"]
[Source "John Saunders"]
[SourceDate "2023.11.11"]
[SourceVersion "1"]
[SourceVersionDate "2023.11.11"]
[SourceQuality "1"]

1. d4 Nf6 2. c4 e6 3. Nc3 Bb4 4. e3 O-O 5. Nge2 c6 6. a3 Ba5 7. Qc2 d5 8. Ng3
Nbd7 9. Be2 dxc4 10. Bxc4 e5 11. O-O exd4 12. exd4 Nb6 13. Ba2 Nbd5 14. Bg5 h6
15. Bxf6 Nxf6 16. Rad1 Bg4 17. f3 Bd7 18. Kh1 Qc7 19. Nce4 Nd5 20. Bb1 g6 21.
Ba2 Kg7 22. Qc1 Rae8 23. b4 Bb6 24. Rfe1 Re7 25. Nc5 Rfe8 26. Rxe7 Rxe7 27. Re1
Bc8 28. Bxd5 cxd5 29. Kg1 Rxe1+ 30. Qxe1 Qf4 31. Qc3 Bc7 32. Nf1 Qd6 33. g3 Qf6
34. Kf2 Qc6 35. Ne3 Be6 36. b5 Qb6 37. a4 Bd8 38. h4 h5 39. f4 Qc7 40. Qd2 Bf6
41. Ke2 Qc8 42. Qb4 Be7 43. b6 axb6 44. Qxb6 Bxc5 45. dxc5 d4 46. Nc2 Bc4+ 47.
Kd2 Qg4 48. Nxd4 Qxg3 49. Qd6 Qd3+ 50. Kc1 Qa3+ 51. Kd2 Qd3+ 52. Kc1 Qa3+
1/2-1/2

[Event "Nottinghamshire Centenary"]
[Site "Nottingham"]
[Date "2023.10.30"]
[Round "2.1"]
[White "Kanyamarala, Tarun"]
[Black "Derakhshani, Borna"]
[Result "0-1"]
[WhiteElo "2329"]
[BlackElo "2358"]
[PlyCount "96"]
[EventDate "2023.10.30"]
[EventType "tourn"]
[EventRounds "9"]
[EventCountry "ENG"]
[EventCategory "6"]
[SourceTitle "BritBase"]
[Source "John Saunders"]
[SourceDate "2023.11.11"]
[SourceVersion "1"]
[SourceVersionDate "2023.11.11"]
[SourceQuality "1"]

1. d4 Nf6 2. c4 e6 3. Nf3 b6 4. g3 Ba6 5. b3 Bb4+ 6. Bd2 Be7 7. Bg2 c6 8. O-O
d5 9. Qc2 Nbd7 10. Rd1 O-O 11. Bf4 Rc8 12. Nc3 Nh5 13. Bc1 Qc7 14. Ng5 Nhf6 15.
Bf4 Qb7 16. e4 h6 17. Nf3 dxc4 18. Nd2 cxb3 19. axb3 Bb5 20. Nc4 Rfd8 21. Bd6
Nf8 22. e5 Nd5 23. Ne4 a5 24. Qd2 Ra8 25. Bxe7 Qxe7 26. Ned6 Bxc4 27. bxc4 Nb4
28. Qf4 Ng6 29. Qe4 Ra7 30. f4 f5 31. exf6 Qxf6 32. c5 b5 33. Bh3 Nf8 34. Rf1
g6 35. g4 Nd5 36. Ra3 a4 37. g5 Qe7 38. gxh6 Kh7 39. Rg3 a3 40. Qb1 a2 41. Qa1
Rxd6 42. cxd6 Qxd6 43. Rf2 Nxf4 44. Bf1 Ra4 45. d5 e5 46. dxc6 Qxc6 47. Rc3
Qxc3 48. Qxc3 a1=Q 0-1

[Event "Nottinghamshire Centenary"]
[Site "Nottingham"]
[Date "2023.10.30"]
[Round "2.2"]
[White "Gasanov, Eldar"]
[Black "Hebden, Mark L"]
[Result "1-0"]
[WhiteElo "2478"]
[BlackElo "2443"]
[PlyCount "59"]
[EventDate "2023.10.30"]
[EventType "tourn"]
[EventRounds "9"]
[EventCountry "ENG"]
[EventCategory "6"]
[SourceTitle "BritBase"]
[Source "John Saunders"]
[SourceDate "2023.11.11"]
[SourceVersion "1"]
[SourceVersionDate "2023.11.11"]
[SourceQuality "1"]

1. d4 Nf6 2. c4 g6 3. Nc3 Bg7 4. e4 d6 5. h3 O-O 6. Bg5 c5 7. d5 e6 8. Bd3 Nbd7
9. Nf3 exd5 10. cxd5 Qb6 11. Qc2 Re8 12. O-O Ne5 13. Nxe5 Rxe5 14. Bf4 Re8 15.
Rfe1 Bd7 16. a4 a6 17. a5 Qc7 18. Bc4 Nh5 19. Bh2 Be5 20. Qd2 Bxh2+ 21. Kxh2
Qd8 22. g3 Qf6 23. f4 Qd4 24. Qe2 f5 25. Rad1 Qf6 26. e5 dxe5 27. fxe5 Qg5 28.
Qf3 f4 29. gxf4 Nxf4 30. e6 1-0

[Event "Nottinghamshire Centenary"]
[Site "Nottingham"]
[Date "2023.10.30"]
[Round "2.3"]
[White "Beerdsen, Thomas"]
[Black "Krzywda, Andrzej"]
[Result "1-0"]
[WhiteElo "2496"]
[BlackElo "2210"]
[PlyCount "67"]
[EventDate "2023.10.30"]
[EventType "tourn"]
[EventRounds "9"]
[EventCountry "ENG"]
[EventCategory "6"]
[SourceTitle "BritBase"]
[Source "John Saunders"]
[SourceDate "2023.11.11"]
[SourceVersion "1"]
[SourceVersionDate "2023.11.11"]
[SourceQuality "1"]

1. e4 e5 2. Nf3 Nf6 3. Nxe5 d6 4. Nf3 Nxe4 5. Nc3 Nxc3 6. dxc3 Be7 7. Be3 Nd7
8. Bd3 O-O 9. Qd2 Nc5 10. Bxc5 dxc5 11. O-O-O Be6 12. Rhe1 Qe8 13. Qf4 b5 14.
Ng5 Bxg5 15. Qxg5 c4 16. Bf5 b4 17. Qh4 h6 18. Bxe6 fxe6 19. cxb4 a5 20. Qxc4
Kh8 21. Rxe6 Qh5 22. bxa5 Qxa5 23. f4 Rfb8 24. Rd7 Rb6 25. Rd5 Qa7 26. Rxb6
Qxb6 27. Qd4 c5 28. Rd6 cxd4 29. Rxb6 Rxa2 30. Kb1 Ra7 31. Rd6 Ra4 32. b3 Rb4
33. Kb2 d3 34. c4 1-0

[Event "Nottinghamshire Centenary"]
[Site "Nottingham"]
[Date "2023.10.30"]
[Round "2.4"]
[White "Wadsworth, Matthew J"]
[Black "Khandelwal, Ankush"]
[Result "1-0"]
[WhiteElo "2446"]
[BlackElo "2309"]
[PlyCount "67"]
[EventDate "2023.10.30"]
[EventType "tourn"]
[EventRounds "9"]
[EventCountry "ENG"]
[EventCategory "6"]
[SourceTitle "BritBase"]
[Source "John Saunders"]
[SourceDate "2023.11.11"]
[SourceVersion "1"]
[SourceVersionDate "2023.11.11"]
[SourceQuality "1"]

1. d4 Nf6 2. c4 g6 3. Nc3 Bg7 4. e4 d6 5. Nge2 O-O 6. Ng3 h5 7. Be2 h4 8. Nf1
Nh7 9. h3 Nc6 10. d5 Nd4 11. Be3 Nxe2 12. Qxe2 c5 13. Nd2 e6 14. O-O f5 15. Nf3
fxe4 16. Nh2 exd5 17. Nxd5 Ng5 18. Qd2 Nf7 19. Rae1 Bf5 20. f3 exf3 21. Nxf3
Re8 22. Bf2 Ne5 23. Nxh4 Nxc4 24. Qf4 Rxe1 25. Rxe1 Ne5 26. Nxf5 gxf5 27. Qxf5
Qf8 28. Qe6+ Kh7 29. Re4 Bh6 30. Rh4 Qg7 31. Nf6+ Kh8 32. Ng4 Nxg4 33. hxg4 Kh7
34. Be3 1-0

[Event "Nottinghamshire Centenary"]
[Site "Nottingham"]
[Date "2023.10.30"]
[Round "2.5"]
[White "Willow, Jonah B"]
[Black "Trost, Edvin"]
[Result "1/2-1/2"]
[WhiteElo "2425"]
[BlackElo "2442"]
[PlyCount "82"]
[EventDate "2023.10.30"]
[EventType "tourn"]
[EventRounds "9"]
[EventCountry "ENG"]
[EventCategory "6"]
[SourceTitle "BritBase"]
[Source "John Saunders"]
[SourceDate "2023.11.11"]
[SourceVersion "1"]
[SourceVersionDate "2023.11.11"]
[SourceQuality "1"]

1. e4 e5 2. Nf3 Nc6 3. Bb5 a6 4. Ba4 d6 5. c3 g5 6. O-O Bg7 7. d4 g4 8. Ne1
exd4 9. Bxc6+ bxc6 10. cxd4 Ne7 11. Nc2 O-O 12. Ne3 f5 13. exf5 Nxf5 14. Nxf5
Bxf5 15. Nc3 h5 16. Be3 h4 17. f3 Qd7 18. Qd2 h3 19. Kh1 Rae8 20. Rae1 hxg2+
21. Qxg2 Bd3 22. Rf2 Bxd4 23. Rd2 Bxc3 24. bxc3 Bc4 25. Rd4 Be6 26. Rg1 Qg7 27.
Re4 c5 28. Qe2 Rxf3 29. Bh6 Qf7 30. Re1 Rf6 31. Rxg4+ Bxg4 32. Qxe8+ Qxe8 33.
Rxe8+ Kh7 34. Bg5 Rf5 35. Bd8 Bh3 36. Re1 c6 37. Be7 Rd5 38. Kg1 Rd2 39. Re3
Bf5 40. Rf3 Kg6 41. h4 Be4 1/2-1/2

[Event "Nottinghamshire Centenary"]
[Site "Nottingham"]
[Date "2023.10.31"]
[Round "3.1"]
[White "Trost, Edvin"]
[Black "Kanyamarala, Tarun"]
[Result "1-0"]
[WhiteElo "2442"]
[BlackElo "2329"]
[PlyCount "57"]
[EventDate "2023.10.30"]
[EventType "tourn"]
[EventRounds "9"]
[EventCountry "ENG"]
[EventCategory "6"]
[SourceTitle "BritBase"]
[Source "John Saunders"]
[SourceDate "2023.11.11"]
[SourceVersion "1"]
[SourceVersionDate "2023.11.11"]
[SourceQuality "1"]

1. e4 c5 2. Nf3 e6 3. d4 cxd4 4. Nxd4 a6 5. c4 Nf6 6. Nc3 Qc7 7. a3 b6 8. f4
Bb7 9. Bd3 Nc6 10. Nxc6 Qxc6 11. Qe2 Bc5 12. Be3 Bxe3 13. Qxe3 O-O-O 14. O-O
Ng4 15. Qd4 f6 16. Nb5 Kb8 17. h3 e5 18. Qd6+ Ka8 19. a4 Nh6 20. Nc7+ Kb8 21.
Nxa6+ Ka7 22. Nc7 Nf7 23. Nb5+ Ka8 24. Qa3 exf4 25. Rf2 f5 26. a5 fxe4 27. Bxe4
Qxe4 28. axb6+ Kb8 29. Nd6 1-0

[Event "Nottinghamshire Centenary"]
[Site "Nottingham"]
[Date "2023.10.31"]
[Round "3.2"]
[White "Khandelwal, Ankush"]
[Black "Willow, Jonah B"]
[Result "0-1"]
[WhiteElo "2309"]
[BlackElo "2425"]
[PlyCount "68"]
[EventDate "2023.10.30"]
[EventType "tourn"]
[EventRounds "9"]
[EventCountry "ENG"]
[EventCategory "6"]
[SourceTitle "BritBase"]
[Source "John Saunders"]
[SourceDate "2023.11.11"]
[SourceVersion "1"]
[SourceVersionDate "2023.11.11"]
[SourceQuality "1"]

1. e4 e5 2. Nf3 Nc6 3. Bb5 a6 4. Ba4 Nf6 5. O-O d6 6. Re1 Bd7 7. c3 g6 8. d4
Bg7 9. Bc2 O-O 10. a4 exd4 11. Nxd4 Re8 12. Bg5 Qb8 13. Qf3 Ne5 14. Qf4 Nh5 15.
Qc1 c5 16. Ne2 Bc6 17. Ng3 Nxg3 18. hxg3 b5 19. Nd2 Qb7 20. Nf3 Nc4 21. axb5
axb5 22. Rxa8 Rxa8 23. Qf4 b4 24. cxb4 Qxb4 25. b3 Ne5 26. Rd1 c4 27. bxc4 Qxc4
28. Nd4 Ba4 29. Qd2 Ng4 30. Bxa4 Rxa4 31. Nf3 h6 32. Bf4 Ra2 33. Qc1 Rc2 34.
Qa3 Qe2 0-1

[Event "Nottinghamshire Centenary"]
[Site "Nottingham"]
[Date "2023.10.31"]
[Round "3.3"]
[White "Krzywda, Andrzej"]
[Black "Wadsworth, Matthew J"]
[Result "1/2-1/2"]
[WhiteElo "2210"]
[BlackElo "2446"]
[PlyCount "68"]
[EventDate "2023.10.30"]
[EventType "tourn"]
[EventRounds "9"]
[EventCountry "ENG"]
[EventCategory "6"]
[SourceTitle "BritBase"]
[Source "John Saunders"]
[SourceDate "2023.11.11"]
[SourceVersion "1"]
[SourceVersionDate "2023.11.11"]
[SourceQuality "1"]

1. e4 e6 2. d4 d5 3. Nc3 Bb4 4. e5 c5 5. a3 Bxc3+ 6. bxc3 Nc6 7. Qg4 g6 8. h4
h6 9. a4 Qa5 10. Bd2 c4 11. Rh3 Bd7 12. Rf3 Rh7 13. Rf4 O-O-O 14. Qf3 f5 15.
exf6 e5 16. dxe5 Nxe5 17. Qg3 Re8 18. Be2 Bf5 19. Nf3 Nxf6 20. Rxf5 gxf5 21.
Nxe5 Ne4 22. Qg6 Rhe7 23. Qxf5+ Kc7 24. Nxc4 Nd6 25. Nxd6 Rxe2+ 26. Kf1 Kxd6
27. Be3 Qxc3 28. Rd1 Qc4 29. Qf6+ Kd7 30. Qf7+ Kd6 31. Qf6+ Kd7 32. Qf7+ Kd6
33. Bf4+ Kc5 34. Qc7+ Kb4 1/2-1/2

[Event "Nottinghamshire Centenary"]
[Site "Nottingham"]
[Date "2023.10.31"]
[Round "3.4"]
[White "Hebden, Mark L"]
[Black "Beerdsen, Thomas"]
[Result "1/2-1/2"]
[WhiteElo "2443"]
[BlackElo "2496"]
[PlyCount "27"]
[EventDate "2023.10.30"]
[EventType "tourn"]
[EventRounds "9"]
[EventCountry "ENG"]
[EventCategory "6"]
[SourceTitle "BritBase"]
[Source "John Saunders"]
[SourceDate "2023.11.11"]
[SourceVersion "1"]
[SourceVersionDate "2023.11.11"]
[SourceQuality "1"]

1. d4 d5 2. Nf3 Nf6 3. c4 e6 4. e3 a6 5. a3 dxc4 6. Bxc4 b5 7. Be2 Bb7 8. Nbd2
Nbd7 9. a4 Qb8 10. O-O c5 11. dxc5 Bxc5 12. Nb3 O-O 13. axb5 axb5 14. Rxa8
1/2-1/2

[Event "Nottinghamshire Centenary"]
[Site "Nottingham"]
[Date "2023.10.31"]
[Round "3.5"]
[White "Derakhshani, Borna"]
[Black "Gasanov, Eldar"]
[Result "1/2-1/2"]
[WhiteElo "2358"]
[BlackElo "2478"]
[PlyCount "34"]
[EventDate "2023.10.30"]
[EventType "tourn"]
[EventRounds "9"]
[EventCountry "ENG"]
[EventCategory "6"]
[SourceTitle "BritBase"]
[Source "John Saunders"]
[SourceDate "2023.11.11"]
[SourceVersion "1"]
[SourceVersionDate "2023.11.11"]
[SourceQuality "1"]

1. e4 c5 2. Nf3 e6 3. d4 cxd4 4. Nxd4 Nf6 5. Nc3 Nc6 6. Ndb5 Bc5 7. Bf4 O-O 8.
Bc7 Qe7 9. Bd6 Bxd6 10. Qxd6 Qd8 11. Qc7 d5 12. exd5 exd5 13. Qxd8 Rxd8 14. Ne2
a6 15. Nbd4 Re8 16. Rd1 Ne5 17. f3 Nc4 1/2-1/2

[Event "Nottinghamshire Centenary"]
[Site "Nottingham"]
[Date "2023.10.31"]
[Round "4.1"]
[White "Kanyamarala, Tarun"]
[Black "Gasanov, Eldar"]
[Result "1/2-1/2"]
[WhiteElo "2329"]
[BlackElo "2478"]
[PlyCount "38"]
[EventDate "2023.10.30"]
[EventType "tourn"]
[EventRounds "9"]
[EventCountry "ENG"]
[EventCategory "6"]
[SourceTitle "BritBase"]
[Source "John Saunders"]
[SourceDate "2023.11.11"]
[SourceVersion "1"]
[SourceVersionDate "2023.11.11"]
[SourceQuality "1"]

1. d4 Nf6 2. c4 e6 3. Nc3 d5 4. Nf3 c6 5. e3 Nbd7 6. Bd3 dxc4 7. Bxc4 b5 8. Bd3
Bd6 9. O-O O-O 10. b3 Bb7 11. Bb2 a6 12. Ng5 c5 13. h3 cxd4 14. Nce4 Nxe4 15.
Bxe4 Bxe4 16. Nxe4 Be5 17. Bxd4 Qh4 18. Nd2 Bxd4 19. Nf3 Qf6 1/2-1/2

[Event "Nottinghamshire Centenary"]
[Site "Nottingham"]
[Date "2023.10.31"]
[Round "4.2"]
[White "Beerdsen, Thomas"]
[Black "Derakhshani, Borna"]
[Result "1-0"]
[WhiteElo "2496"]
[BlackElo "2358"]
[PlyCount "51"]
[EventDate "2023.10.30"]
[EventType "tourn"]
[EventRounds "9"]
[EventCountry "ENG"]
[EventCategory "6"]
[SourceTitle "BritBase"]
[Source "John Saunders"]
[SourceDate "2023.11.11"]
[SourceVersion "1"]
[SourceVersionDate "2023.11.11"]
[SourceQuality "1"]

1. e4 c6 2. c4 d5 3. cxd5 cxd5 4. exd5 Nf6 5. Nc3 Nxd5 6. Nf3 Nc6 7. d4 e6 8.
Bd3 g6 9. Bg5 Qa5 10. O-O Nxc3 11. bxc3 Bg7 12. Qd2 O-O 13. Be4 e5 14. d5 f5
15. Bc2 e4 16. dxc6 exf3 17. Bb3+ Kh8 18. Be7 bxc6 19. Bxf8 Bxf8 20. Rfe1 Ba6
21. gxf3 Qc7 22. Rad1 Bc5 23. Re6 Rf8 24. Qh6 Rg8 25. Rf6 Re8 26. Rf7 1-0

[Event "Nottinghamshire Centenary"]
[Site "Nottingham"]
[Date "2023.10.31"]
[Round "4.3"]
[White "Wadsworth, Matthew J"]
[Black "Hebden, Mark L"]
[Result "1-0"]
[WhiteElo "2446"]
[BlackElo "2443"]
[PlyCount "73"]
[EventDate "2023.10.30"]
[EventType "tourn"]
[EventRounds "9"]
[EventCountry "ENG"]
[EventCategory "6"]
[SourceTitle "BritBase"]
[Source "John Saunders"]
[SourceDate "2023.11.11"]
[SourceVersion "1"]
[SourceVersionDate "2023.11.11"]
[SourceQuality "1"]

1. d4 Nf6 2. c4 g6 3. Nf3 Bg7 4. g3 O-O 5. Bg2 d6 6. Nc3 c5 7. O-O Nc6 8. d5
Na5 9. Nd2 e6 10. Rb1 exd5 11. cxd5 Bd7 12. Nde4 Nxe4 13. Nxe4 Bf5 14. b4 Bxe4
15. Bxe4 cxb4 16. Rxb4 Rc8 17. Bd3 b6 18. h4 Nb7 19. Bg5 Qd7 20. Bb5 Qh3 21.
Bc6 Na5 22. Qa4 Rc7 23. Bf4 Nxc6 24. dxc6 Rfc8 25. Rd1 Rxc6 26. Qxa7 Be5 27.
Bxe5 dxe5 28. Rxb6 Rc2 29. Rf6 Rf8 30. Qe3 Rxa2 31. Qxe5 Qg4 32. Rf3 Qa4 33.
Rb1 Qc2 34. Rb8 Qd1+ 35. Kg2 Qa1 36. Rxf8+ Kxf8 37. Qc7 1-0

[Event "Nottinghamshire Centenary"]
[Site "Nottingham"]
[Date "2023.10.31"]
[Round "4.4"]
[White "Willow, Jonah B"]
[Black "Krzywda, Andrzej"]
[Result "1-0"]
[WhiteElo "2425"]
[BlackElo "2210"]
[PlyCount "105"]
[EventDate "2023.10.30"]
[EventType "tourn"]
[EventRounds "9"]
[EventCountry "ENG"]
[EventCategory "6"]
[SourceTitle "BritBase"]
[Source "John Saunders"]
[SourceDate "2023.11.11"]
[SourceVersion "1"]
[SourceVersionDate "2023.11.11"]
[SourceQuality "1"]

1. Nf3 d5 2. c4 e6 3. g3 Nf6 4. Bg2 dxc4 5. Qa4+ Bd7 6. Qxc4 c5 7. Ne5 Qc8 8.
Nxd7 Qxd7 9. Nc3 Nc6 10. O-O Rc8 11. d3 b6 12. b3 Be7 13. Bb2 O-O 14. Qf4 Nd4
15. Qd2 Rfd8 16. Rad1 Ne8 17. Rfe1 Nd6 18. Qc1 b5 19. e3 Nc6 20. Ne2 a5 21. Nf4
Ne8 22. Qb1 Bf6 23. a3 Bxb2 24. Qxb2 Nf6 25. Rc1 Ne7 26. Rc2 Qd6 27. Rec1 Nd7
28. Rd2 Nb6 29. Rcd1 a4 30. Ne2 Rb8 31. Nc3 axb3 32. Qxb3 Nbd5 33. Nxb5 Qa6 34.
a4 Nb6 35. Nc3 Nbd5 36. Qc4 Qa5 37. Ne4 Rdc8 38. Nd6 Rb4 39. Nxc8 Rxc4 40. dxc4
Nxc8 41. cxd5 Qxa4 42. d6 Nxd6 43. Rxd6 g6 44. Bf1 Kg7 45. Rc1 Qa3 46. Rc4 h5
47. Rc6 Qa1 48. R6xc5 Kh6 49. Rc7 f5 50. h4 e5 51. Re7 f4 52. Rcc7 g5 53. Re6#
1-0

[Event "Nottinghamshire Centenary"]
[Site "Nottingham"]
[Date "2023.10.31"]
[Round "4.5"]
[White "Trost, Edvin"]
[Black "Khandelwal, Ankush"]
[Result "0-1"]
[WhiteElo "2442"]
[BlackElo "2309"]
[PlyCount "82"]
[EventDate "2023.10.30"]
[EventType "tourn"]
[EventRounds "9"]
[EventCountry "ENG"]
[EventCategory "6"]
[SourceTitle "BritBase"]
[Source "John Saunders"]
[SourceDate "2023.11.11"]
[SourceVersion "1"]
[SourceVersionDate "2023.11.11"]
[SourceQuality "1"]

1. d4 Nf6 2. c4 g6 3. g3 Bg7 4. Bg2 O-O 5. Nc3 d6 6. Nf3 Nbd7 7. O-O e5 8. e4
Re8 9. h3 b6 10. Qc2 exd4 11. Nxd4 Bb7 12. Rd1 Nc5 13. f3 Qe7 14. Rb1 Nh5 15.
g4 Bxd4+ 16. Rxd4 Qe5 17. Rd5 Bxd5 18. Nxd5 c6 19. Nb4 Nf4 20. Nxc6 Qf6 21.
Bxf4 Qxf4 22. Nb4 Ne6 23. Nd5 Qe5 24. Qd2 g5 25. Rd1 Rac8 26. b3 Nf4 27. Ne3 b5
28. Kh1 bxc4 29. Nxc4 Rxc4 30. bxc4 Rb8 31. Bf1 Rb6 32. a4 a5 33. c5 Qxc5 34.
Bb5 Qa3 35. Rf1 d5 36. exd5 Rh6 37. Qf2 Nxh3 38. Qd2 Qd6 39. Re1 Ng1+ 40. Kxg1
Qg3+ 41. Kf1 Qxf3+ 0-1

[Event "Nottinghamshire Centenary"]
[Site "Nottingham"]
[Date "2023.11.01"]
[Round "5.1"]
[White "Khandelwal, Ankush"]
[Black "Kanyamarala, Tarun"]
[Result "1-0"]
[WhiteElo "2309"]
[BlackElo "2329"]
[PlyCount "77"]
[EventDate "2023.10.30"]
[EventType "tourn"]
[EventRounds "9"]
[EventCountry "ENG"]
[EventCategory "6"]
[SourceTitle "BritBase"]
[Source "John Saunders"]
[SourceDate "2023.11.11"]
[SourceVersion "1"]
[SourceVersionDate "2023.11.11"]
[SourceQuality "1"]

1. e4 c5 2. Nf3 Nc6 3. d4 cxd4 4. Nxd4 e5 5. Nb5 d6 6. N1c3 a6 7. Na3 Be6 8.
Nc4 Rb8 9. Be3 b5 10. Nd2 Nf6 11. a4 bxa4 12. Nxa4 a5 13. Bc4 Be7 14. O-O O-O
15. Re1 Qc7 16. c3 Rfd8 17. Bxe6 fxe6 18. Nc4 Rf8 19. Bb6 Qd7 20. Nxa5 d5 21.
exd5 exd5 22. b4 Nxa5 23. bxa5 Bd6 24. Bc5 Bxc5 25. Nxc5 Qa7 26. Nd3 Ne4 27.
Nxe5 Qxf2+ 28. Kh1 Nxc3 29. Qd3 Rb2 30. Rg1 d4 31. Raf1 Qe2 32. Rxf8+ Kxf8 33.
Qf5+ Ke7 34. Qf7+ Kd6 35. Nc4+ Kc5 36. Nxb2 Qxb2 37. Qc7+ Kd5 38. Re1 Ne2 39.
Qd7+ 1-0